00261nam a2200109Ia 4500008004100000100001700041245003400058260002800092300000900120942000700129999001500136190216s9999||||xx |||||||||||||| ||und|| aRaj K Bansal 0aTextbook Of Organic Chemistry bWiley Eastern Ltdc1985 a840p cBK c2843d2843